| 000 | 01052nam a2200277Ia 4500 | ||
|---|---|---|---|
| 001 | Para_10353 | ||
| 003 | CHAP | ||
| 008 | 220125sDici xx 000 0 und d | ||
| 010 | _a209029 | ||
| 040 | _cCHAP | ||
| 090 | _aPA CD - TESIS 383 | ||
| 100 |
_aFlores Moreno, Damarys Eldalhi _9128875 |
||
| 245 |
_aExtracto de Tagetes spp. y sales potásicas e aceites grasos para el control del pulgón Aphis gossypii en el cultivo de pepino en Ciudad Ayala, Morelos / _c Damarys Eldalhi Flores Moreno; Director Juan Fernando Solís Aguilar |
||
| 260 |
_aChapingo, Méx. : _b el autor |
||
| 300 | _a1 CDS ROM (55 p.) | ||
| 502 | _aTesis (Ing. Agr. Esp. en Parasitología Agrícola). UACh. Departamento Parasitología Agrícola | ||
| 700 |
_aSolís Aguilar, Juan Fernando. Director _9171333 |
||
| 710 | _aUACh Departamento Parasitología Agrícola | ||
| 901 | _aPA CD - TESIS 383 | ||
| 902 | _aM | ||
| 905 | _a513220Diciembre, 2014 abnm8100000000 06 | ||
| 910 | _aDici | ||
| 942 | _cPARA | ||
| 942 |
_cPARA _d2 |
||
| 999 |
_c209029 _d209029 |
||